爸媽不用忍的正向教養 : (Record no. 7178)

MARC details
000 -記錄標示(系統產生)
fixed length control field 00978cam a2200253 i 4500
020 ## - ISBN
ISBN 9789869858946
價格 NT$360
100 1# - 主要款目
第一作者姓名 駱郁芬
245 10 - 書籍基本資料
書名 爸媽不用忍的正向教養 :
副標題 改掉頂嘴、動作慢、依賴、行為退化、缺乏成就動機......的免爆氣親子對話範本 /
作者名稱 駱郁芬著
250 ## - 書籍版本資料
書籍版本 初版
260 ## - 書籍出版資料
出版地 臺北市 :
出版者 任性,
出版年 2020.09
300 ## - 外觀規格(長、寬、高)
數量(面數, 冊數或其他) 287 面 :
插圖及其他 圖, 表 ;
高廣尺寸 23 公分
490 0# - 套書系列資料
套書名稱 issue ;
冊次號 18.
500 ## - 備註項
備註 附錄 : 兒童發展專業資源
942 ## - 其他項目(KOHA)
分類法來源 中文圖書分類法
館藏類型設定 一般圖書
Holdings
撤銷狀態 遺失狀態 分類號來源 損壞狀態 不外借 永久館藏地 現在館藏地 採購日期 所有借閱數 Total Renewals 完整索書號 條碼號 借書日 最後一次日期記錄 最後借出日期 一般價格有效日期 Koha館藏類型 公開資訊
未註銷館藏 未遺失 中文圖書分類法 未損毀 可外借 怡仁綜合醫院圖書館 怡仁綜合醫院圖書館 2020-11-10 31 11 428.8 C02759 2026-04-30 2026-04-02 2026-04-02 2020-11-10 一般圖書 頂嘴、哭鬧、大寶打二寶、挑食、依賴大人、行為退化、缺乏成就動機…… 孩子總是講不聽又很盧? 爸媽再也不用忍氣吞聲!第一本專為臺灣父母所寫 免爆氣親子對話範本!
怡仁醫院| 地址:32643桃園市楊梅區楊新北路321巷30號 | 服務專線:03-4855566 | 電子郵件信箱:
Copyright © 1996 CHC Hospital